Paul Simon - You Can Call Me Al Lyrics - Statistics

General Stats
  • This quiz has been taken 179 times
  • The average score is 282 of 350
Answer Stats
Hint Answer % Correct
Verse 1 | Verse 2 | Verse 3 A
99%
a
99%
I
99%
the
98%
The
98%
can
97%
man
97%
me
97%
You
97%
you
97%
Al
96%
be
96%
call
96%
Call
96%
down
96%
street
96%
walks
96%
so
95%
And
93%
and
93%
my
93%
when
93%
He
92%
am
91%
bodyguard
91%
Chorus | Outro If
91%
if
91%
in
91%
says
91%
your
91%
"Why
90%
Why
90%
lost
89%
no
89%
pal
89%
long
88%
of
87%
Betty
86%
at
84%
is
84%
middle
84%
you'll
82%
now
81%
soft
79%
hard
78%
life
78%
want
78%
All
77%
lit
76%
attention
75%
Don't
75%
don't
75%
rest
75%
short
75%
to
75%
redemption
72%
shot
72%
little
71%
span
70%
up
70%
Na
69%
na
69%
need
69%
that
69%
graveyard"
68%
opportunity
68%
cartoon
67%
here
67%
by
66%
end
66%
family
66%
gone
66%
gone"
66%
role
66%
wife
66%
It's
65%
it's
65%
model
65%
What
65%
photo
64%
away
63%
Got
63%
world
63%
alley
61%
die
61%
from
61%
around
60%
Get
60%
strange
60%
woah
60%
this
59%
moonlight
58%
Who'll
58%
girl
57%
Maybe
57%
these
57%
Where's
57%
Dogs
56%
foreign
56%
third
56%
anymore
55%
time
55%
with
55%
back
54%
Bonedigger
54%
bonedigger
54%
currency
54%
Far
54%
first
54%
his
54%
amusing
53%
are
53%
Doesn't
53%
language
53%
sound
53%
speak
53%
There
53%
find
52%
holds
52%
nights
52%
know
51%
stuff
51%
surrounded
51%
allegations
50%
faced
50%
sees
49%
some
49%
bat
48%
hints
48%
accidents
47%
angels
47%
architecture
47%
incidents
47%
looks
47%
poly
47%
roly
47%
well
47%
were
47%
along
44%
ducked
44%
Hallelujah"
44%
marketplace
43%
Beerbelly
42%
Spinning
42%
infinity
41%
Cattle
40%
Mr
40%
muts
39%
door
34%
"Amen
30%
orphanages
25%
Scatterlings
16%
No matching quizzes found
Score Distribution
Percent of People with Each Score
Percentile by Number Answered
Your Score History
You have not taken this quiz